Sports Quiz

Random Sports Quiz

No-Hitters vs. Cardinals Quiz Stats

 Plays Quiz not verified by Sporcle

Challenge
Share
Tweet
Embed
Score 0/8 Timer 10:00
0 Plays Today
Year Player % Correct
2012Johan Santana
96.6%
1990Fernando Valenzuela
75.9%
1978Tom Seaver
69%
1968Gaylord Perry
55.2%
1901Christy Mathewson
48.3%
1960Don Cardwell
10.3%
1919Hod Eller
3.4%
1906Mal Eason
3.4%

You're not logged in!

Compare scores with friends on all Sporcle quizzes.
OR
Log In

You Might Also Like...

Show Comments

Extras

Created Jun 3, 2012ReportNominate
Tags:cardinal, nonbitter

Top Quizzes Today


Score Distribution

Your Account Isn't Verified!

In order to create a playlist on Sporcle, you need to verify the email address you used during registration. Go to your Sporcle Settings to finish the process.

Report this User

Report this user for behavior that violates our Community Guidelines.

Details: